Central Library OPAC University of Rajshahi

Polybius: (Record no. 37843)

MARC details
000 -LEADER
fixed length control field 01143cam a2200313 a 4500
001 - CONTROL NUMBER
control field 37843
003 - CONTROL NUMBER IDENTIFIER
rucl marc code BD-RjUL
005 - DATE AND TIME OF LATEST TRANSACTION
control field 20211209052649.0
008 - FIXED-LENGTH DATA ELEMENTS--GENERAL INFORMATION
fixed length control field 150730r19601925-uk b 001 0 eng d
035 ## - SYSTEM CONTROL NUMBER
System control number (BD-RjUL)37948
040 ## - CATALOGING SOURCE
Original cataloging agency CSL
Transcribing agency CSL
Modifying agency m.c.
-- OCL
-- BD-RjUL
Language of cataloging eng
041 1# - LANGUAGE CODE
Language code of text/sound track or separate title eng
-- grc
Language code of original GRC
082 ## - DEWEY DECIMAL CLASSIFICATION NUMBER
Edition number 23
Classification number 937
Author mark and year POP V-4 1960
090 ## - LOCALLY ASSIGNED LC-TYPE CALL NUMBER (OCLC); LOCAL CALL NUMBER (OCLC)
Classification number (OCLC) (R) ; Classification number, CALL (RLIN) (NR) PA3612
Local cutter number (OCLC) ; Book number/undivided call number, CALL (RLIN) .P8 1979
100 ## - MAIN ENTRY--PERSONAL NAME
Personal name Polybius
9 (RLIN) 117236
245 14 - TITLE STATEMENT
Title Polybius:
Remainder of title the Histories /
Statement of responsibility, etc. Polybius; with an English translation by W. R. Paton.
Number of part/section of a work V-4
260 ## - PUBLICATION, DISTRIBUTION, ETC. (IMPRINT)
Place of publication, distribution, etc. London:
Name of publisher, distributor, etc. William Heinemann Ltd.;
Place of publication, distribution, etc. Cambridge, Mass. :
Name of publisher, distributor, etc. Harvard University Press,
Date of publication, distribution, etc. C1925
-- [Reprinting 1960]
300 ## - PHYSICAL DESCRIPTION
Pagination 562+8 p. ;
Size 17 cm.
490 ## - SERIES STATEMENT
Series statement Loeb classical library ;
Volume/sequential designation 159
500 ## - GENERAL NOTE
General note "In Six Volume"
504 ## - BIBLIOGRAPHY, ETC. NOTE
Bibliography, etc Includes Bibliographical references and indexes.
505 ## - FORMATTED CONTENTS NOTE
Formatted contents note Contents of Volume IV: Book IX -- Book XV
650 ## - SUBJECT ADDED ENTRY--TOPICAL TERM
Topical term or geographic name as entry element History, Ancient
9 (RLIN) 117237
Topical term or geographic name as entry element Greece
General subdivision History.
9 (RLIN) 117238
651 ## - SUBJECT ADDED ENTRY--GEOGRAPHIC NAME
Geographic name Rome
General subdivision History
Chronological subdivision Republic, 510-30 B.C.
9 (RLIN) 117239
700 1# - ADDED ENTRY--PERSONAL NAME
Personal name Paton, W. R.
Fuller form of name (William Roger), tr.
Dates associated with a name 1857-1921.
830 #0 - SERIES ADDED ENTRY--UNIFORM TITLE
Uniform title Loeb classical library ; 159
942 ## - ADDED ENTRY ELEMENTS (KOHA)
Source of classification or shelving scheme Dewey Decimal Classification
Koha item type Books
Holdings
Lost status Source of classification or shelving scheme Damaged status Not for loan Collection code Permanent Location Current Location Shelving location Date acquired Source of acquisition Cost, normal purchase price Total Checkouts Full call number Date last seen Copy number Koha item type
  Dewey Decimal Classification   Not For Loan Non-fiction Central Library, University of Rajshahi Central Library, University of Rajshahi Reading Room 06/10/1965 Zeitlinger 18.00   937 POP V-4 1960 30/07/2015 C-1 Books